Państwa w języku rosyjskim - Statystyki

Ogólne statystyki
  • Ten quiz został rozwiązany 61 razy
  • Średni wynik to 17 z 20
Statystyki odpowiedzi
Rosyjski Polski % Poprawnych
Австралия Australia
100%
Босния и Герцеговина Bośnia i Hercegowina
96%
Индия Indie
95%
Республика Корея Korea Południowa
95%
Венгрия Węgry
95%
Бангладеш Bangladesz
93%
Испания Hiszpania
91%
Япония Japonia
91%
Польша Polska
91%
Румыния Rumunia
91%
Кыргызстан Kirgistan
89%
Лихтенштейн Liechtenstein
87%
Молдова Mołdawia
87%
Пакистан Pakistan
87%
Таиланд Tajlandia
87%
Малайзия Malezja
84%
Экваториальная Гвинея Gwinea Równikowa
82%
Кипр Cypr
80%
Кабо-Верде Republika Zielonego Przylądka
62%
Китай Chiny
60%
Nie znaleziono quizów pasujących do podanych kryteriów
Rozkład punktacji
Procent ludzi z każdym wynikiem
Percentyl według liczby udzielonych odpowiedzi
Twoja historia wyników
Nie rozwiązałeś tego quizu